| 000 | 00358nam a22001457a 4500 | ||
|---|---|---|---|
| 020 | _a9788131516546 | ||
| 040 | _cNUST | ||
| 082 |
_a519.4 _bBUR |
||
| 100 | _aRichard L. Burden | ||
| 110 |
_aJ.Douglas Faires _9130368 |
||
| 245 | _aNumerical Analysis | ||
| 260 |
_aIndia: _bCengage Learning, _c2017. |
||
| 650 |
_aNumerical Analysis _9103 |
||
| 942 |
_2ddc _cBK |
||
| 999 |
_c614541 _d614541 |
||